Super Mario Galaxy Special Stars - Statistics

General Stats
  • This quiz has been taken 14 times
  • The average score is 13 of 20
Answer Stats
Game Star Type Galaxy Answer % Correct
2 Green All Galaxies But Grandmaster Galaxy Green Star 1
100%
2 Green All Galaxies But Grandmaster Galaxy Green Star 2
100%
2 Green All Galaxies With 3 Normal Stars Green Star 3
100%
1 Grand Bowser’s Galaxy Reactor The Fate Of The Universe
100%
1 Red Gateway Galaxy Gateway’s Purple Coins
80%
1 Grand Gateway Galaxy Grand Star Rescue
80%
1 Grand Bowser Jr.’s Lava Reactor King Kaliente’s Spicy Return
80%
1 Green Battlerock Galaxy Luigi Under The Saucer
80%
1 Grand Bowser Jr.’s Robot Reactor Megaleg’s Moon
80%
2 Grand Bowser Jr.’s Boom Bunker Bowser Jr.’s Boomsday Machine
60%
2 Grand Bowser Jr.’s Fearsome Fleet Bowser Jr.’s Mighty Megahammer
60%
2 Grand Bowser’s Gravity Gauntlet Breaking Into Bowser’s Castle
60%
2 Grand Bowser Jr.’s Fiery Flotilla Gobblegut’s Aching Belly
60%
1 Green Buoy Base Galaxy The Secret Of Buoy Base
60%
2 Grand Bowser’s Lava Lair Bowser’s Big Lava Power Party
40%
2 Grand Bowser’s Galaxy Generator Bowser’s Fortified Fortress
40%
1 Grand Bowser Jr.’s Airship Armada Sinking The Airships
40%
1 Green Dusty Dune Galaxy Treasure Of The Pyramid
40%
1 Grand Bowser’s Dark Matter Plant Darkness On The Horizon
20%
1 Grand Bowser’s Star Reactor The Fiery Stronghold
20%
No matching quizzes found
Score Distribution
Percent of People with Each Score
Percentile by Number Answered
Your Score History
You have not taken this quiz